| 000 | 00351nam a22001457a 4500 | ||
|---|---|---|---|
| 020 | _qHB. | ||
| 040 | _cFIZZA ISHAQ | ||
| 082 |
_a005.1 _bDON |
||
| 100 |
_aKNUTH,E DONALD. _991731 |
||
| 245 |
_aTHE ART OF COMPUTER PROGRAMMING / _cDONALD E KNUTH. |
||
| 250 | _a2nd ED. | ||
| 260 |
_aADDISON WESLEY ; _c1998. |
||
| 300 | _a764 P. ; | ||
| 942 |
_2ddc _cBK |
||
| 999 |
_c589881 _d589881 |
||